02170nam a2200373 i 4500003000900000005001700009006001900026007000300045008004100048020001800089040003000107082001900137100005400156245016400210250001300374264003600387300007000423336002700493337003300520338002800553500005700581504004100638505038400679590002701063650006601090650003901156700005101195710009501246942001401341952013801355952014301493952014301636999001701779DO-SdBNP20240618095444.0a||||gr|||| 00| 0 ta240614e2023 dr aoc|| ||||o00| 0 spa d a9789945623055 aDO-SdBNPbspacBNPHUerda 4222bG216g 20231 aGarcía Gómez, Martha Victoria eautora98568210aGuía de protocolo institucional y normas sociales /cMartha Victoria García Gómez, cuidado de la edición y corrección, Enrique Soldevilla Enríquez. aampliada 1aSanto Domingo :bINESDYC,c2023 a222 páginas :bilustraciones, fotografías, retratos ;c27 cm. 2rdacontentatextobtxt 2rdamediaasin mediaciónbn 2rdacarrieravolumenbnc aIncluye bibliografías y notas al pie de páginas. aBibliografía: páginas 219 - 220. aNotas preliminares.-- Introducción.tCapítulo I. Protocolo en la Oficina.-- tCapítulo II. La Correspondencia.-- tCapítulo III. Las Tarjetas.--tCapítulo IV. Protocolo en las Actividades Socioculturales.--tCapítulo V. Organización de Eventos--tCapítulo VI. Las Mesa, Centro de la Relación Social.--tCapítulo VII. Las Bebidas.--tBibliografía.--tAnexos. aInventariado 2024 / MF 4aEtiqueta DiplomáticaxGuíazRepública Dominicana911719 4aEtiqueta en la MesaxGuía9189761 aSoldevilla Enríquez, Enrique,983038eeditor1 aInstituto de Educación Superior en Formación Diplomática y Consular (INESDYC)984530 2ddccLBS1 00102ddc51708PDaBNPHUbBNPHUcCTd2024-02-12eDepósito Legal / INESDYCl0oG216g 2023p2024-3515r2024-06-14w2024-06-14yLBS1 00102ddc51708PDaBNPHUbBNPHUcCTd2024-02-12eDepósito Legal / INESDYCl0oG216g 2023p2024-3516r2024-06-14te.2w2024-06-14yLBS1 00102ddc56708DSaBNPHUbBNPHUcCTd2024-02-12eDepósito Legal / INESDYCl0oG216g 2023p2024-3517r2024-06-14te.3w2024-06-14yLBS1 c56863d56863